00974 2200265 4500001002100000005001500021035002000036008004100056245004100097100002100138260003400159300002300193020002200216084001600238520029600254082001000550650001700560863000600577250001400583500006700597990001100664990001100675990001100686990001100697INLIS00000000001437820260421084301 a0010-0821001457260421 g 0 ind 1 aEtika Bisnis, Jabatan, Dan Perbankan1 aSimorangkir, O.P aJakarta :bRinekacipta,c2010 a182 hlm. ;c24 cm. a978-979-518-869-8 a174.4 SIM e aAkibat pertumbuhan ekonomi yang dinamis, kehidupan dunia bisnis terasa sangat berubah, inovasi dalam organisasi, keuangan, pengembangan ilmu dan seni komunikasi membuat cara-cara bisnis tradisional ditinggalkan. Pengusaha ingin sukses mau tidak mau harus dapat menyesuaikan dengan perubahan. a174.4 4aEtika Bisnis a2 aCetakan 1 aCetakan ke-2 terdapat pada Registrasi koleksi nomor : {071775} a051257 a051258 a051259 a051260